| 000 | 00412pab a2200133 454500 | ||
|---|---|---|---|
| 008 | 180718b xxu||||| |||| 00| 0 eng d | ||
| 100 | _aChandra Nirmal Kumar | ||
| 245 | _aIndia's rouble debt and depreciating rouble | ||
| 362 | _a28(27 &28) 3-10 Jul 93, p.1443-452 | ||
| 650 | _a Balance of Trade -- India | ||
| 650 | _aIndia -- Foreign Ivestments -- USSR | ||
| 773 | _aEconomic and Polical Weekly | ||
| 909 | _a24941 | ||
| 999 |
_c24941 _d24941 |
||